ՀՀ Գիտությունների ազգային ակադեմիայի հիմնարար գիտական գրադարան  =   Fundamental Scientific Library of NAS RA

Оптоэлектроника / (Record no. 192260)

MARC details
000 -LEADER
fixed length control field 01023nam a2200265 u 4500
001 - CONTROL NUMBER
control field 000516583
003 - CONTROL NUMBER IDENTIFIER
control field AM-YeHGA
005 - DATE AND TIME OF LATEST TRANSACTION
control field 20250617135023.0
008 - FIXED-LENGTH DATA ELEMENTS--GENERAL INFORMATION
fixed length control field 060425s2006 r 000 0 rus d
020 ## - INTERNATIONAL STANDARD BOOK NUMBER
International Standard Book Number 5948360318
020 ## - INTERNATIONAL STANDARD BOOK NUMBER
International Standard Book Number 2-10-005453-8 (франц.)
040 ## - CATALOGING SOURCE
Original cataloging agency AM-YeHGA
041 1# - LANGUAGE CODE
Language code of text/sound track or separate title rus
Language code of original fre
090 ## - LOCALLY ASSIGNED LC-TYPE CALL NUMBER (OCLC); LOCAL CALL NUMBER (RLIN)
-- 193730
100 1# - MAIN ENTRY--PERSONAL NAME
Personal name Розеншер, Э.
245 10 - TITLE STATEMENT
Title Оптоэлектроника /
Statement of responsibility, etc. Э. Розеншер, Б. Винтер ; Пер. с франц. под ред. О.Н. Ермакова.
260 ## - PUBLICATION, DISTRIBUTION, ETC.
Place of publication, distribution, etc. Москва :
Name of publisher, distributor, etc. Техносфера,
Date of publication, distribution, etc. 2006.
300 ## - PHYSICAL DESCRIPTION
Extent 592 с. :
Other physical details ил.
440 #0 - SERIES STATEMENT/ADDED ENTRY--TITLE
Title Мир электроники
Number of part/section of a work VII (04)
504 ## - BIBLIOGRAPHY, ETC. NOTE
Bibliography, etc. note Списки лит. в конце глав
534 ## - ORIGINAL VERSION NOTE
Introductory phrase Оригинал на франц. :
Title statement of original Optoelectronique :
Key title of original Cours et exercices corriges /
Main entry of original Emmanuel Rosencher, Borge Vinter -
Publication, distribution, etc. of original Paris : Dunod : 2002
650 14 - SUBJECT ADDED ENTRY--TOPICAL TERM
Topical term or geographic name entry element Фотоэлектроника
700 1# - ADDED ENTRY--PERSONAL NAME
Personal name Винтер, Б.
700 1# - ADDED ENTRY--PERSONAL NAME
Personal name Ермаков, О.Н.
Relator term пер.
Relationship trl
Holdings
Withdrawn status Lost status Damaged status Not for loan Collection Home library Current library Date acquired Total checkouts Full call number Barcode Date last seen Price effective from Koha item type Public note
        General Fundamental Scientific Library Fundamental Scientific Library 28/12/2016   Р2/653132 FL0037601 28/12/2016 28/12/2016 Գրքեր / Books 30 Days Loan
        General Fundamental Scientific Library Fundamental Scientific Library 28/12/2016   Р2/653133 FL0037602 28/12/2016 28/12/2016 Գրքեր / Books 30 Days Loan


ՀՀ ԳԱԱ հիմնարար գիտական գրադարան
ՀՀ,Երևան 0019
Մարշալ Բաղրամյան 24/6
հեռախոս:(374-10) 52-47-50
Հետադարձ կապ

All site content, except where otherwise noted, is licensed under a
Creative Commons License